MARC

LEADER 00000nam0a2200000 4500
001 148866
005 20231031145620.0
010 |a 5796605674 
035 |a (RuTPU)RU\TPU\book\161398 
090 |a 148866 
100 |a 20081209d1991 m y0rusy50 ca 
101 0 |a rus 
102 |a LV 
105 |a a z 001zy 
200 1 |a Загрязнение и самоочищение подземных вод Латвии  |f И. В. Семенов 
210 |a Рига  |c Зинатне  |d 1991 
215 |a 144 с.  |c ил. 
320 |a Библиогр.: с. 140-142. 
610 1 |a подземные воды 
610 1 |a загрязнение 
610 1 |a самоочищение 
610 1 |a Латвия 
610 1 |a гидрогеологические условия 
610 1 |a гидрогеология 
675 |a 556.388  |v 3 
700 1 |a Семенов  |b И. В.  |g Иван Владимирович 
801 1 |a RU  |b 63413507  |c 20081209  |g PSBO 
801 2 |a RU  |b 63413507  |c 20090123  |g PSBO 
942 |c BK